<?xml version="1.0" encoding="UTF-8"?>
<record
    xmlns:xsi="http://www.w3.org/2001/XMLSchema-instance"
    xsi:schemaLocation="http://www.loc.gov/MARC21/slim http://www.loc.gov/standards/marcxml/schema/MARC21slim.xsd"
    xmlns="http://www.loc.gov/MARC21/slim">

  <leader>02073nam a2200193Ia 4500</leader>
  <datafield tag="999" ind1=" " ind2=" ">
    <subfield code="c">9324</subfield>
    <subfield code="d">9324</subfield>
  </datafield>
  <datafield tag="020" ind1=" " ind2=" ">
    <subfield code="a">9789386228512</subfield>
  </datafield>
  <datafield tag="082" ind1=" " ind2=" ">
    <subfield code="a">320.954</subfield>
    <subfield code="b">JHA-K</subfield>
  </datafield>
  <datafield tag="100" ind1=" " ind2=" ">
    <subfield code="a">&#x91D;&#x93E;, &#x92A;&#x94D;&#x930;&#x936;&#x93E;&#x902;&#x924;</subfield>
    <subfield code="q">Jha, Prashant</subfield>
  </datafield>
  <datafield tag="245" ind1=" " ind2=" ">
    <subfield code="a">&#x915;&#x948;&#x938;&#x947; &#x91C;&#x940;&#x924;&#x924;&#x940;  &#x939;&#x948;  &#x92D;&#x93E;&#x91C;&#x92A;&#x93E;</subfield>
    <subfield code="b">: &#x92D;&#x93E;&#x930;&#x924;  &#x915;&#x940;  &#x938;&#x92C;&#x938;&#x947;  &#x938;&#x936;&#x915;&#x94D;&#x924;  &#x91A;&#x941;&#x928;&#x93E;&#x935;&#x940;  &#x92E;&#x936;&#x940;&#x928;  &#x92A;&#x948;&#x930;  &#x90F;&#x915; &#x928;&#x91C;&#x93C;&#x930;  </subfield>
  </datafield>
  <datafield tag="246" ind1=" " ind2=" ">
    <subfield code="a">Kaise jeetati hai Bhajpa: Bharat ki sabse sashakt chunaavi machine per ek nazar</subfield>
  </datafield>
  <datafield tag="260" ind1=" " ind2=" ">
    <subfield code="a">New Delhi</subfield>
    <subfield code="b">Juggernaut Books</subfield>
    <subfield code="c">2017</subfield>
  </datafield>
  <datafield tag="300" ind1=" " ind2=" ">
    <subfield code="a">215p</subfield>
  </datafield>
  <datafield tag="520" ind1=" " ind2=" ">
    <subfield code="a">&#x928;&#x930;&#x947;&#x902;&#x926;&#x94D;&#x930; &#x92E;&#x94B;&#x926;&#x940; &#x915;&#x947; &#x935;&#x94D;&#x92F;&#x93E;&#x92A;&#x915; &#x906;&#x915;&#x930;&#x94D;&#x937;&#x923; &#x915;&#x93E; &#x930;&#x93E;&#x91C; &#x915;&#x94D;&#x92F;&#x93E; &#x939;&#x948;? &#x928;&#x94B;&#x91F;&#x92C;&#x902;&#x926;&#x940; &#x938;&#x947; &#x92D;&#x93E;&#x91C;&#x92A;&#x93E; &#x915;&#x94B; &#x909;&#x924;&#x94D;&#x924;&#x930; &#x92A;&#x94D;&#x930;&#x926;&#x947;&#x936; &#x91A;&#x941;&#x928;&#x93E;&#x935;&#x94B;&#x902; &#x92E;&#x947;&#x902; &#x915;&#x94B;&#x908; &#x928;&#x941;&#x915;&#x938;&#x93E;&#x928; &#x915;&#x94D;&#x92F;&#x94B;&#x902; &#x928;&#x939;&#x940;&#x902; &#x939;&#x941;&#x906;? &#x91A;&#x941;&#x928;&#x93E;&#x935;&#x94B;&#x902; &#x915;&#x947; &#x935;&#x915;&#x94D;&#x924; &#x906;&#x930;&#x90F;&#x938;&#x90F;&#x938; &#x920;&#x940;&#x915; &#x920;&#x940;&#x915; &#x915;&#x948;&#x938;&#x940; &#x92E;&#x926;&#x926; &#x915;&#x930;&#x924;&#x93E; &#x939;&#x948;? &#x938;&#x93E;&#x902;&#x92A;&#x94D;&#x930;&#x926;&#x93E;&#x92F;&#x93F;&#x915; &#x909;&#x915;&#x938;&#x93E;&#x935;&#x947; &#x915;&#x94D;&#x92F;&#x93E; &#x91A;&#x941;&#x928;&#x93E;&#x935; &#x91C;&#x940;&#x924; &#x938;&#x915;&#x924;&#x947; &#x939;&#x948;&#x902;? &#x909;&#x924;&#x94D;&#x924;&#x930;-&#x92A;&#x942;&#x930;&#x94D;&#x935; &#x92E;&#x947;&#x902; &#x92A;&#x93E;&#x930;&#x94D;&#x91F;&#x940; &#x915;&#x948;&#x938;&#x947; &#x906;&#x917;&#x947; &#x92C;&#x922;&#x93C; &#x930;&#x939;&#x940; &#x939;&#x948;? &#x91A;&#x941;&#x928;&#x93E;&#x935;&#x940; &#x92A;&#x94D;&#x930;&#x92C;&#x902;&#x927;&#x928; &#x915;&#x940; &#x905;&#x92E;&#x93F;&#x924; &#x936;&#x93E;&#x939; &#x915;&#x940; &#x930;&#x923;&#x928;&#x940;&#x924;&#x93F; &#x915;&#x94D;&#x92F;&#x93E; &#x939;&#x948; &#x914;&#x930; &#x915;&#x94D;&#x92F;&#x94B;&#x902; &#x909;&#x928;&#x915;&#x93E; &#x915;&#x94C;&#x936;&#x932; &#x92C;&#x93F;&#x939;&#x93E;&#x930; &#x92E;&#x947;&#x902; &#x928;&#x93E;&#x915;&#x93E;&#x92E; &#x930;&#x939;&#x93E;? &#x92C;&#x947;&#x939;&#x926; &#x938;&#x942;&#x91D;&#x92C;&#x942;&#x91D; &#x915;&#x947; &#x938;&#x93E;&#x925; &#x907;&#x928; &#x92C;&#x93F;&#x902;&#x926;&#x941;&#x913;&#x902; &#x915;&#x93E; &#x935;&#x93F;&#x936;&#x94D;&#x932;&#x947;&#x937;&#x923; &#x915;&#x930;&#x924;&#x947; &#x939;&#x941;&#x90F; &#x92F;&#x939; &#x915;&#x93F;&#x924;&#x93E;&#x92C; &#x930;&#x923;&#x928;&#x940;&#x924;&#x93F;&#x915;&#x93E;&#x930;&#x94B;&#x902; &#x914;&#x930; &#x91C;&#x92E;&#x940;&#x928; &#x92A;&#x930; &#x915;&#x93E;&#x92E; &#x915;&#x930;&#x928;&#x947; &#x935;&#x93E;&#x932;&#x94B;&#x902; &#x915;&#x947; &#x928;&#x91C;&#x930;&#x93F;&#x92F;&#x94B;&#x902; &#x915;&#x947; &#x906;&#x927;&#x93E;&#x930; &#x92A;&#x930; &#x92D;&#x93E;&#x930;&#x924; &#x915;&#x947; &#x938;&#x924;&#x94D;&#x924;&#x93E;&#x927;&#x93E;&#x930;&#x940; &#x926;&#x932; &#x92A;&#x930; &#x90F;&#x915; &#x92C;&#x93E;&#x930;&#x940;&#x915; &#x928;&#x93F;&#x917;&#x93E;&#x939; &#x921;&#x93E;&#x932;&#x924;&#x940; &#x939;&#x948;.</subfield>
  </datafield>
  <datafield tag="546" ind1=" " ind2=" ">
    <subfield code="a">Hindi</subfield>
  </datafield>
  <datafield tag="650" ind1=" " ind2=" ">
    <subfield code="a">Political Party  </subfield>
    <subfield code="v">Bhartiye Janata Party</subfield>
    <subfield code="z">India</subfield>
  </datafield>
  <datafield tag="650" ind1=" " ind2=" ">
    <subfield code="a">Prime Minster</subfield>
    <subfield code="v">Modi, Narendra, 2014</subfield>
    <subfield code="z">India</subfield>
  </datafield>
  <datafield tag="700" ind1=" " ind2=" ">
    <subfield code="a">Bhatnagar, Anup Kumar</subfield>
  </datafield>
  <datafield tag="942" ind1=" " ind2=" ">
    <subfield code="c">BK</subfield>
    <subfield code="2">ddc</subfield>
  </datafield>
  <datafield tag="952" ind1=" " ind2=" ">
    <subfield code="0">0</subfield>
    <subfield code="1">0</subfield>
    <subfield code="4">0</subfield>
    <subfield code="7">0</subfield>
    <subfield code="a">NASSDOC</subfield>
    <subfield code="b">NASSDOC</subfield>
    <subfield code="d">2018-03-26</subfield>
    <subfield code="e">OP</subfield>
    <subfield code="i">2018-02-28</subfield>
    <subfield code="l">0</subfield>
    <subfield code="o">320.954 JHA-K</subfield>
    <subfield code="p">49856</subfield>
    <subfield code="r">2019-04-18 00:00:00</subfield>
    <subfield code="w">2019-04-18</subfield>
    <subfield code="y">BK</subfield>
  </datafield>
</record>
